Online Catalogue and eLibrary

Among my souvenirs (Record no. 4971)

MARC details
000 -LEADER
fixed length control field 00460nam a2200193Ia 4500
005 - DATE AND TIME OF LATEST TRANSACTION
control field 20240826022857.0
008 - FIXED-LENGTH DATA ELEMENTS--GENERAL INFORMATION
fixed length control field 240331s9999 xx 000 0 und d
020 ## - INTERNATIONAL STANDARD BOOK NUMBER
ISBN 9555800286
082 ## - DDC Classification
Item Number - Author Mark SIR
Class No. 800
100 ## - MAIN ENTRY--PERSONAL NAME
Personal name Siriwardena,R
245 #0 - TITLE STATEMENT
Title Among my souvenirs
250 ## - EDITION STATEMENT
Edition statement 2nd
260 ## - PUBLICATION, DISTRIBUTION, ETC.
Place of publication, distribution, etc. Colombo
Name of publisher, distributor, etc. International Centre for Ethnic Studies
Date of publication, distribution, etc. 2006
300 ## - PHYSICAL DESCRIPTION
Extent (e.g. Volumes, Pages etc.) 187 p .,
650 ## - SUBJECT ADDED ENTRY--TOPICAL TERM
Topical term or geographic name entry element Political
650 ## - SUBJECT ADDED ENTRY--TOPICAL TERM
Topical term or geographic name entry element Social
650 ## - SUBJECT ADDED ENTRY--TOPICAL TERM
Topical term or geographic name entry element Violence
942 ## - Koha item type (Biblio)
Koha item type Books in Stacks (Lending)
Holdings
Lost status Damaged status Collection code Home library Current library Shelving location Date acquired Full call number Accession Number Item type
    Lending WERC Library WERC Library Social Science Cupboard 03/31/2024 800 SIR 6570 Books in Stacks (Lending)

© WERC Library